000 00485nam a2200157Ia 4500
008 160316s1991 xxu||||| |||| 00| 0 eng d
082 _a344.046000
_bKAR
100 _aKarpagam M
245 _aEnvironmental economics : A text book
250 _a
260 _aNew Delhi
_bSterling Publishers Pvt. Ltd.
_c1991
300 _a275
_baxii,
_cxii
365 _bRs.250
650 _a1. Environmental Protection - Policies - Cost - Benifit Analysis 2. Environmental Economics
700 _a
_a
999 _c3341
_d3341